Housing crisis in the UK (Record no. 118227)
[ view plain ]
| 000 -LEADER | |
|---|---|
| fixed length control field | 01075cam a2200229 4500 |
| 001 - CONTROL NUMBER | |
| control field | WB@3612-384 |
| 008 - FIXED-LENGTH DATA ELEMENTS--GENERAL INFORMATION | |
| fixed length control field | 041027n2004 000 0 eng u |
| 035 ## - SYSTEM CONTROL NUMBER | |
| System control number | (Sirsi) u127827 |
| 245 ## - TITLE STATEMENT | |
| Title | Housing crisis in the UK |
| 260 ## - PUBLICATION, DISTRIBUTION, ETC. | |
| Date of publication, distribution, etc. | 2004 |
| 490 ## - SERIES STATEMENT | |
| Series statement | Regeneration and Renewal |
| Volume/sequential designation | 22 October 2004, 3(1) |
| 520 ## - SUMMARY, ETC. | |
| Summary, etc. | According to a recent survey by MORI on behalf of Shelter, seven out of 10 people in the UK believe that the country is in the middle of a housing crisis. The results showed that 74% of people believe that rising house prices are the main problem with 61% of people citing run-down estates as the biggest cause of concern. Shelter has launch a national housing investigation aimed at assessing the real extent of housing-related problems. The poll results are available from: http://www.mori.com/polls/2004/shelter.shtml. |
| 590 ## - LOCAL NOTE (RLIN) | |
| Local note | WB |
| 590 ## - LOCAL NOTE (RLIN) | |
| Local note | WB |
| 650 ## - SUBJECT ADDED ENTRY--TOPICAL TERM | |
| Topical term or geographic name entry element | Affordable housing |
| 9 (RLIN) | 6215 |
| 650 ## - SUBJECT ADDED ENTRY--TOPICAL TERM | |
| Topical term or geographic name entry element | HOUSING CONDITIONS |
| 650 ## - SUBJECT ADDED ENTRY--TOPICAL TERM | |
| Topical term or geographic name entry element | HOUSING SUPPLY |
| 650 ## - SUBJECT ADDED ENTRY--TOPICAL TERM | |
| Topical term or geographic name entry element | HOUSE PRICES |
| 650 ## - SUBJECT ADDED ENTRY--TOPICAL TERM | |
| Topical term or geographic name entry element | HOMELESSNESS |
| 690 ## - LOCAL SUBJECT ADDED ENTRY--TOPICAL TERM (OCLC, RLIN) | |
| Topical term or geographic name as entry element | HOUSING |
| 942 ## - ADDED ENTRY ELEMENTS (KOHA) | |
| Suppress in OPAC | 0 |
| Withdrawn status | Lost status | Source of classification or shelving scheme | Damaged status | Not for loan | Home library | Current library | Shelving location | Date acquired | Total Checkouts | Full call number | Barcode | Date last seen | Copy number | Price effective from | Koha item type |
|---|---|---|---|---|---|---|---|---|---|---|---|---|---|---|---|
| Dewey Decimal Classification | London | London | News article | 27/10/2004 | WB4041-08 | 127827-1001 | 06/08/2019 | 1 | 06/08/2019 | News article |